| 000 | 00749nam a2200229 a 4500 | ||
|---|---|---|---|
| 001 | BRCA_7962 | ||
| 005 | 20190320210054.0 | ||
| 008 | 100314s1970----u--a###f##---#000-0#eng-# | ||
| 041 | _aeng | ||
| 044 | _au | ||
| 050 | 4 |
_aRA781 _b.P78 _c1970 |
|
| 100 | 1 |
_aPrudden, Bonnie _919737 |
|
| 245 | 1 | 0 |
_aHow to keep slender and fit after thirty _bnew revised and enlarged edition, including the latest on aerobics, isometrics and jogging _cBonnie Pruden ; photographs by Charles Stewart. |
| 260 |
_aNueva York _bPocketbook _c1970 |
||
| 300 |
_a302 p. _bil. _c18 cm. |
||
| 500 | _a3125 | ||
| 650 | 1 | 4 |
_aEjercicio físico _vAdultos _919738 |
| 650 | 1 | 4 |
_aEducación física _919739 |
| 700 | 1 |
_aStewart, Charles _efot. _919740 |
|
| 902 | _aGFM | ||
| 942 |
_2lcc _cB |
||
| 999 |
_c7631 _d7631 |
||